Normal view
MARC view
Entry Personal Name
001 - CONTROL NUMBER
- control field: 41504
003 - CONTROL NUMBER IDENTIFIER
- control field: OSt
005 - DATE AND TIME OF LATEST TRANSACTION
- control field: 20230524204756.0
008 - FIXED-LENGTH DATA ELEMENTS
- fixed length control field: 230524|| aca||aabn | a|a d
040 ## - CATALOGING SOURCE
- Original cataloging agency: OSt
- Transcribing agency: OSt
100 ## - HEADING--PERSONAL NAME
- Personal name: P.D. Prevedouros
670 ## - SOURCE DATA FOUND
- Source citation: Work cat.: (OSt)55769: C.S. Papacostas 41503, Transportation Engineering and Planning, 2015
